000 00289nam a22001337a 4500
008 180220b xxu||||| |||| 00| 0 eng d
020 _a0824792904
041 _aeng
080 _a612.39 DOY
100 _a10
101 _aNUT
245 _aFood safety 1994
_cDoyle,M.E
942 _2udc
_cBK
999 _c42947
_d42947